000 00461nam a2200181Ia 4500
001 9135
005 20260306160701.0
008 260306t2008||||xx |||||||||||||| ||spa||
041 _aESP
082 _a372.86
_bT72
100 _aToro Flores, Yury Augusto
_eAUT
245 0 _aLa educación física y la formación holística del educando
260 _c2008
300 _a89 páginas :
_c20 cm.
650 _aGEN
654 _aCED
942 _cLIB
_dJUS
_fJUS
_2ddc
_n
999 _c9135
_d9135